Немецкий опыт решения проблемы профессионального выгорания как возможности улучшения жизнедеятельности человека; Общество и непрерывное благополучие человека
| Parent link: | Общество и непрерывное благополучие человека.— 2014.— [С. 273-276] |
|---|---|
| Autor principal: | |
| Autor corporatiu: | |
| Altres autors: | |
| Sumari: | Заглавие с экрана В статье рассматривается немецкий опыт решения проблемы профессионального выгорания в аспекте улучшения жизнедеятельности людей в современном обществе, а также исследуются особенности и черты профессионального выгорания людей, занятых в активной трудовой деятельности и преследующих формирование жизненного благополучия. На основании проведенного исследования авторами делается вывод о возможности бесконфликтной адаптации работников в трудовом коллективе, что усиливает жизненный потенциал для формирования среды благополучия и формирования общества благополучия. |
| Idioma: | rus |
| Publicat: |
2014
|
| Col·lecció: | Социально-психологические модели и технологии исследования непрерывного благополучия людей в современном обществе |
| Matèries: | |
| Accés en línia: | http://earchive.tpu.ru/handle/11683/21323 http://www.lib.tpu.ru/fulltext/c/2014/C55/063.pdf |
| Format: | MixedMaterials Electrònic Capítol de llibre |
| KOHA link: | https://koha.lib.tpu.ru/cgi-bin/koha/opac-detail.pl?biblionumber=605405 |
MARC
| LEADER | 00000naa2a2200000 4500 | ||
|---|---|---|---|
| 001 | 605405 | ||
| 005 | 20260227092600.0 | ||
| 035 | |a (RuTPU)RU\TPU\conf\2690 | ||
| 035 | |a RU\TPU\conf\2673 | ||
| 090 | |a 605405 | ||
| 100 | |a 20140411d2014 k y0rusy50 ca | ||
| 101 | 0 | |a rus | |
| 102 | |a RU | ||
| 135 | |a drcn ---uucaa | ||
| 181 | 0 | |a i | |
| 182 | 0 | |a b | |
| 200 | 1 | |a Немецкий опыт решения проблемы профессионального выгорания как возможности улучшения жизнедеятельности человека |f Я. И. Чаплинская, Р. Б. Квеско |g науч. рук. Р. Б. Квеско | |
| 203 | |a Текст |c электронный | ||
| 215 | |a 1 файл(206 Кб) | ||
| 225 | 1 | |a Социально-психологические модели и технологии исследования непрерывного благополучия людей в современном обществе | |
| 300 | |a Заглавие с экрана | ||
| 320 | |a [Библиогр.: с. 276 (1 назв.)] | ||
| 330 | |a В статье рассматривается немецкий опыт решения проблемы профессионального выгорания в аспекте улучшения жизнедеятельности людей в современном обществе, а также исследуются особенности и черты профессионального выгорания людей, занятых в активной трудовой деятельности и преследующих формирование жизненного благополучия. На основании проведенного исследования авторами делается вывод о возможности бесконфликтной адаптации работников в трудовом коллективе, что усиливает жизненный потенциал для формирования среды благополучия и формирования общества благополучия. | ||
| 337 | |a Adobe Reader | ||
| 463 | 1 | |0 (RuTPU)RU\TPU\conf\2055 |t Общество и непрерывное благополучие человека |o сборник научных трудов Международного научного симпозиума студентов и молодых ученых, г. Томск, 27-30 марта 2014 г. |f Национальный исследовательский Томский политехнический университет (ТПУ) ; под ред. Г. А. Барышевой и др. |v [С. 273-276] |d 2014 | |
| 610 | 1 | |a электронный ресурс | |
| 610 | 1 | |a труды учёных ТПУ | |
| 610 | 1 | |a немецкий опыт | |
| 610 | 1 | |a профессиональное выгорание | |
| 610 | 1 | |a улучшения | |
| 610 | 1 | |a жизнедеятельность | |
| 610 | 1 | |a человек | |
| 700 | 1 | |a Чаплинская |b Я. И. |c экономист |c младший научный сотрудник Томского политехнического университета |f 1992- |g Яна Игоревна |3 (RuTPU)RU\TPU\pers\40661 | |
| 701 | 1 | |a Квеско |b Р. Б. |c философ |c доцент Томского политехнического университета, доктор философских наук |f 1943- |g Раиса Брониславовна |3 (RuTPU)RU\TPU\pers\25429 | |
| 702 | 1 | |a Квеско |b Р. Б. |c философ |c доцент Томского политехнического университета, доктор философских наук |f 1943- |g Раиса Брониславовна |4 727 | |
| 712 | 0 | 2 | |a Национальный исследовательский Томский политехнический университет (ТПУ) |b Институт социально-гуманитарных технологий (ИСГТ) |b Кафедра философии (ФИЛ) |3 (RuTPU)RU\TPU\col\18928 |
| 801 | 1 | |a RU |b 63413507 |c 20101016 | |
| 801 | 2 | |a RU |b 63413507 |c 20220407 |g RCR | |
| 856 | 4 | |u http://earchive.tpu.ru/handle/11683/21323 | |
| 856 | 4 | |u http://www.lib.tpu.ru/fulltext/c/2014/C55/063.pdf | |
| 942 | |c CF | ||